Bekannte Slogans - Statistiken

Allgemein
  • Dieses Quiz wurde 286 mal gespielt
  • Das Durchschnittsergebnis liegt bei 10 aus 15
Antwortstatistiken
Slogan Marke % Korrekt
_____ verleiht Flügel Red Bull
99%
_____ lohnt sich Lidl
89%
Dann geh doch zu _____ Netto
87%
Erstmal zu _____ Penny
85%
Guten Freunden gibt man ein Küsschen Ferrero Küsschen
77%
Neu? Nein, mit _____ gewaschen Perwoll
77%
_____. Dein Markt Rewe
76%
Morgens halb zehn in Deutschland Knoppers
69%
Die zarteste Versuchung seit dem es Schokolade gibt Milka
62%
Wohnst du noch oder lebst du schon? Ikea
58%
Alles _____ oder was? Müller
41%
_____, dass es dich gibt Merci
37%
Der Morgen macht den Tag Nutella
35%
Echte Kraft kommt aus der Natur Gerolsteiner
30%
Erleben was verbindet Telekom
29%
Keine übereinstimmenden Quizze gefunden
Verteilung der Resultate
Anzahl Personen mit jedem Resultat
Perzentil nach korrekt beantworteten Fragen
Ihre Resultats-Entwicklung
Sie haben dieses Quiz noch nicht gespielt